| 000 | 00474nam a2200169Ia 4500 | ||
|---|---|---|---|
| 008 | 220216s9999 xx 000 0 und d | ||
| 100 | _aShaktawat Pushkar Raj Singh | ||
| 245 | 0 | _aEstimation and expression of uncertainty for curing parameters of rubber compounds | |
| 260 |
_bRubber World _c2004 |
||
| 300 | _a17-19 | ||
| 650 | _aCuring parameters | ||
| 650 | _aRubber compounds | ||
| 700 | _aBandari V | ||
| 700 | _aDhupia D | ||
| 700 | _aMukhopadhyay | ||
| 942 | _cJS | ||
| 999 |
_c58816 _d58816 |
||